000 00660cam a22001814a 4500
005 20250605164227.0
008 250528s ||||||||||||||||||||||||d
035 _a20913
020 _a9789605661779
040 _aGR-AtMCL
_bgre
_dGR-AtMCL
_eAACR2
245 1 _aΤα Γουρουνάκια της Ευτυχίας / Μικρές Καληνύχτες
260 _bΜεταίχμιο,
_c2014
520 _aΠαραμύθι για παιδιά μικρά με μεγάλη φαντασία και για νέους γονείς με πολλή όρεξη.
700 1 _aΜπαμπέτα Ιωάννα
_96898
942 _cBK
999 _c5990
_d5990